| 000 | 02191cam a22004334i 4500 | ||
|---|---|---|---|
| 003 | PE-LiUPU | ||
| 005 | 20250731183355.0 | ||
| 008 | 160927s2015 r 000 0 spa d | ||
| 020 | _a607172354X | ||
| 020 | _a9786071723543 | ||
| 035 | _a(Sirsi) a163807 | ||
| 040 |
_aPE-LiUPU _bspa _cPE-LiUPU _erda |
||
| 049 | _aPRUA | ||
| 082 | 0 | 4 |
_a721 _bH41 _220 |
| 100 | 1 |
_aHernández Moreno, Silverio, _eautor. |
|
| 245 | 1 | 0 |
_aDiseño por durabiliadad en arquitectura y edificación/ _cSilverio Hernández Moreno. |
| 264 | 1 |
_aMexico: _beditorial trillas, _c2015. |
|
| 300 |
_a104 páginas : _bilustaciones ; _c27 centimetros |
||
| 336 |
_atext _2rdacontent |
||
| 337 |
_aunmediated _2rdamedia |
||
| 338 |
_avolume _2rdacarrier |
||
| 504 | _aBibliografía : página 97-98. | ||
| 504 | _aBibliografía : página 99-104. | ||
| 505 | 0 | _aDurabilidad y vida útil segun las normas ISO 15686 y la norma CSA s478-95 y su aplicación en proyectos de arquitectura y edificios -- Planeación de la durabiliadad basadaen estrategias de diseño -- Recomendaciones sobre diseño por durabiliadad y expectativa de vida útil en elementos y componentes de construcción mas comunes -- Expectativas de vidaútil y recomendaciones de diseño por durabilidad de los componentes constructivos más comunes en el medio urbano. | |
| 526 | _aP158 | ||
| 526 | _aP146 | ||
| 526 | _aP17 | ||
| 526 | _aP12 | ||
| 526 | _aP06 | ||
| 541 | _g0020-0001185; | ||
| 650 | 0 | 4 | _aNormas ISO 15686 y CSA S478-95 y su aplicación. |
| 650 | 0 | 4 | _aEvaluación de la durabilidad en los edifcios. |
| 650 | 0 | 4 | _aDurabilidad de elementos constructivos. |
| 910 |
_ajck _bjos _cjck _d20160927 |
||
| 942 |
_2ddc _cBOOK |
||
| 949 |
_a721 H41 _wDEWEY _c1 _i74708 _lCATALOGING _mBUL _p20.00 _r0 _sY _tBOOK _u2016-09-27 _xINGENIERIA _PP06 _0COMPRA _o.CIRCNOTE. El documento es de alto precio. _o.STAFF. Colección Ingeniería y Arquitectura |
||
| 596 | _a1 | ||
| 999 |
_a721 H41 _wDEWEY _c12669 _i74708 _f2021-11-9 _g7 _lCCODEBUL1 _mBUL _p20.00 _r0 _sY _tBOOK _u2016-9-27 _xINGENIERIA _PP06 _0COMPRA _o.STAFF. Colección Ingeniería y Arquitectura _d12669 |
||
| 980 |
_81 _gALBERTO SANCHEZ Responsable de Automatización |
||